Capitales de l'Union Européenne en 60 secondes - Statistiques

Statistiques générales
  • Ce quiz a été pris 610 fois
  • Le résultat moyen est 19 sur 27
Statistiques - réponses
pays capitale % Correct
Allemagne Berlin
98%
France Paris
92%
Belgique Bruxelles
91%
Espagne Madrid
91%
Autriche Vienne
87%
Italie Rome
83%
Bulgarie Sofia
79%
Croatie Zagreb
77%
Grèce Athenes
76%
Danemark Copenhague
74%
Finlande Helsinki
73%
Hongrie Budapest
71%
Irlande Dublin
70%
Portugal Lisbonne
69%
Luxembourg Luxembourg
65%
Estonie Tallinn
65%
Pays-Bas Amsterdam
64%
Chypre Nicosie
64%
Lettonie Riga
64%
Lituanie Vilnius
61%
Malte La Valette
60%
Roumanie Bucarest
58%
Pologne Varsovie
58%
République tchèque Prague
55%
Suède Stockholm
43%
Slovaquie Bratislava
36%
Slovénie Ljubljana
32%
Aucun quiz correspondant
Distribution des résultats
% des personnes avec chaque résultat
Percentile par nombre de réponses
Votre historique - résultats
Vous n’avez pas pris ce quiz